Logo CIB grande

Nutrition therapy and pathophysiology (Registro nro. 237597)

Detalles MARC
000 -LEADER
campo de control de longitud fija 00731nam a2200253Ia 4500
005 - FECHA Y HORA DE LA ÚLTIMA TRANSACCIÓN
campo de control 20250425162837.0
008 - DATOS DE LONGITUD FIJA--INFORMACIÓN GENERAL
campo de control de longitud fija 250425s9999 xx 000 0 und d
020 ## - NÚMERO INTERNACIONAL ESTÁNDAR DEL LIBRO
Número Internacional Estándar del Libro 9780357041710
041 ## - CÓDIGO DE IDIOMA
Código de lengua del texto/banda sonora o título independiente eng
082 ## - NÚMERO DE LA CLASIFICACIÓN DECIMAL DEWEY
Número de clasificación 615.854
Iniciales del Autor NAH
010 ## - NÚMERO DE CONTROL DE LA BIBLIOTECA DEL CONGRESO
Número de control de LC 112507
100 ## - ENTRADA PRINCIPAL--NOMBRE DE PERSONA
Nombre de persona Nahikian Nelms, Marcia
245 #0 - MENCIÓN DEL TÍTULO
Título Nutrition therapy and pathophysiology
Mención de responsabilidad, etc. Marcia Nahikian Nelms, Kathryn Sucher, Kristen Roberts, Holly Estes Doetsch
250 ## - MENCION DE EDICION
Mención de edición 4th ed.
260 ## - PUBLICACIÓN, DISTRIBUCIÓN, ETC.
Lugar de publicación, distribución, etc. Boston
Nombre del editor, distribuidor, etc. Cengage
Fecha de publicación, distribución, etc. 2020
300 ## - DESCRIPCIÓN FÍSICA
Extensión 788 páginas
650 ## - PUNTO DE ACCESO ADICIONAL DE MATERIA--TÉRMINO DE MATERIA
Término de materia o nombre geográfico como elemento de entrada Dietoterapia
650 ## - PUNTO DE ACCESO ADICIONAL DE MATERIA--TÉRMINO DE MATERIA
Término de materia o nombre geográfico como elemento de entrada Fisiología Patológica
650 ## - PUNTO DE ACCESO ADICIONAL DE MATERIA--TÉRMINO DE MATERIA
Término de materia o nombre geográfico como elemento de entrada Terapia Nutricional
700 ## - ENTRADA AGREGADA--NOMBRE PERSONAL
Nombre de persona Estes-Doetsch, Holly
700 ## - ENTRADA AGREGADA--NOMBRE PERSONAL
Nombre de persona Roberts, Kristen
700 ## - ENTRADA AGREGADA--NOMBRE PERSONAL
Nombre de persona Sucher, Kathryn
942 ## - ELEMENTOS DE ENTRADA SECUNDARIOS (KOHA)
Tipo de ítem Koha Libros
Existencias
Estatus retirado Estado de pérdida Estado de daño No para préstamo Biblioteca de origen Biblioteca actual Fecha de adquisición Coste, precio normal de compra Etiqueta RFID Total de préstamos Código de barras Copia número Tipo de ítem Koha Nota pública
        CENTRO DE INFORMACIÓN BIBLIOTECARIA CENTRO DE INFORMACIÓN BIBLIOTECARIA 06/01/2025 216.00 0000000000000000037622   81072 2 Libros Compra
        CENTRO DE INFORMACIÓN BIBLIOTECARIA CENTRO DE INFORMACIÓN BIBLIOTECARIA 18/10/2022 297.00 0000000000000000035936   80834 1 Libros  

Copyright 2025 ESPOL. Todos los derechos reservados.